[Event "Junior Online 4NCL Division 5"]
[Site "online"]
[Date "2021.02.04"]
[Round "2.244"]
[White "Sheehy, Lewis"]
[Black "Tipton, Oliver"]
[Result "0-1"]
[WhiteElo "1076"]
[BlackElo "880"]
[PlyCount "63"]
[EventDate "2021.02.04"]
[WhiteTeam "Manchester Juniors E"]
[BlackTeam "Dragon Kings 1"]

1. d4 d5 2. Bf4 e6 3. e3 Bd6 4. Bg3 Bxg3 5. hxg3 Nc6 6. c4 dxc4 7. Bxc4 e5 8.
Nf3 exd4 9. Nxd4 Nxd4 10. Qxd4 Qxd4 11. exd4 Nf6 12. Nc3 O-O 13. O-O-O Bf5 14.
Nd5 Ne4 15. Rdf1 c6 16. Nf4 Rfd8 17. Re1 Nxf2 18. Rhf1 Rxd4 19. Bb3 Rxf4 20.
gxf4 Nd3+ 21. Kb1 Nxe1+ 22. Ka1 Nxg2 23. Rd1 g6 24. Rd2 Nxf4 25. Rf2 Nd3 26.
Rf3 Rd8 27. a3 Nc1 28. Bc4 Rd1 29. a4 Nb3+ 30. Ka2 Nc1+ 31. Ka3 Rd3+ 32. Kb4
0-1

[Event "Junior Online 4NCL Division 5"]
[Site "online"]
[Date "2021.02.04"]
[Round "2.245"]
[White "Devarakonda, Aryan"]
[Black "Varea, Benjamin"]
[Result "0-1"]
[WhiteElo "1135"]
[BlackElo "1278"]
[PlyCount "54"]
[EventDate "2021.02.04"]
[WhiteTeam "Manchester Juniors E"]
[BlackTeam "Dragon Kings 1"]

1. e4 c5 2. Bc4 e6 3. Nf3 d5 4. exd5 exd5 5. Bb5+ Bd7 6. Qe2+ Qe7 7. Qxe7+ Bxe7
8. Bxd7+ Nxd7 9. O-O Ngf6 10. Nc3 O-O 11. Ng5 h6 12. Nf3 d4 13. Nb5 a6 14. Nc7
Rac8 15. Nxa6 bxa6 16. d3 Rb8 17. Bf4 Rxb2 18. Rab1 Rxa2 19. Rbe1 Re8 20. Nd2
Rxc2 21. Nc4 Rc3 22. Nd6 Bxd6 23. Bxd6 Rxd3 24. Rxe8+ Nxe8 25. Re1 Nxd6 26. Re7
Rd1+ 27. Re1 Rxe1# 0-1

[Event "Junior Online 4NCL Division 5"]
[Site "online"]
[Date "2021.02.04"]
[Round "2.246"]
[White "Schmidt, Eoin"]
[Black "Elisseev-Siuda, Ivan"]
[Result "1-0"]
[WhiteElo "1045"]
[BlackElo "1099"]
[PlyCount "67"]
[EventDate "2021.02.04"]
[WhiteTeam "Dragon Kings 1"]
[BlackTeam "Manchester Juniors E"]

1. e4 e5 2. Nf3 Nc6 3. Nc3 Bc5 4. Bc4 Nf6 5. d3 O-O 6. Bg5 h6 7. Bxf6 Qxf6 8.
O-O d6 9. h3 Nd4 10. Nxd4 Bxd4 11. Nd5 Qg6 12. Ne7+ Kh7 13. Nxg6 fxg6 14. c3
Bc5 15. b4 Bb6 16. d4 exd4 17. cxd4 c5 18. dxc5 dxc5 19. bxc5 Bxc5 20. Kh1 a6
21. Bd5 Rxf2 22. Rxf2 Bxf2 23. e5 Bg3 24. Be4 Bxe5 25. h4 Bxa1 26. h5 Bf5 27.
hxg6+ Kxg6 28. Bxf5+ Kxf5 29. Qxa1 g5 30. Qb1+ Kf4 31. Qxb7 Re8 32. Qxa6 Kg3
33. Qa3+ Kh4 34. Qh3# 1-0

[Event "Junior Online 4NCL Division 5"]
[Site "online"]
[Date "2021.02.04"]
[Round "2.247"]
[White "Topping, Rachel"]
[Black "Varea, Gabriel"]
[Result "0-1"]
[WhiteElo "1097"]
[BlackElo "955"]
[PlyCount "118"]
[EventDate "2021.02.04"]
[WhiteTeam "Manchester Juniors E"]
[BlackTeam "Dragon Kings 1"]

1. e4 e5 2. Nf3 Nc6 3. Nc3 Bb4 4. Bc4 Nf6 5. O-O Bxc3 6. dxc3 O-O 7. Bg5 h6 8.
Bh4 Qe7 9. Bd5 d6 10. h3 Be6 11. Bxe6 Qxe6 12. Re1 d5 13. Bxf6 Qxf6 14. exd5
Rad8 15. c4 Nb4 16. Rxe5 c6 17. c3 Na6 18. b4 cxd5 19. Rxd5 Rxd5 20. cxd5 Qxc3
21. a3 Qc4 22. Ne5 Qe4 23. Ng4 Rd8 24. Ne3 Nc7 25. d6 Nb5 26. d7 Qe6 27. Rc1
Nxa3 28. Rc7 Nb5 29. Rxb7 Nd6 30. Rb8 Qxd7 31. Rxd8+ Qxd8 32. Qf3 Qc7 33. Nd5
Qd7 34. Qe3 g6 35. Ne7+ Kh7 36. Kh2 Qc7 37. Nd5 Qb8 38. Nf6+ Kg7 39. Qc3 Nb5+
40. Qg3 Qxg3+ 41. Kxg3 Kxf6 42. f4 Nd4 43. Kg4 h5+ 44. Kh4 Nc6 45. g4 hxg4 46.
hxg4 Nxb4 47. g5+ Kf5 48. Kg3 a5 49. Kf3 a4 50. Kg3 a3 51. Kh4 a2 52. Kg3 a1=Q
53. Kf3 Qc3+ 54. Kg2 Kxf4 55. Kf2 Qe3+ 56. Kg2 Qf3+ 57. Kg1 Qe2 58. Kh1 Kg3 59.
Kg1 Qg2# 0-1

[Event "Junior Online 4NCL Division 5"]
[Site "online"]
[Date "2021.02.04"]
[Round "2.248"]
[White "Tipton, Oliver"]
[Black "Sheehy, Lewis"]
[Result "1/2-1/2"]
[WhiteElo "880"]
[BlackElo "1076"]
[PlyCount "104"]
[EventDate "2021.02.04"]
[WhiteTeam "Dragon Kings 1"]
[BlackTeam "Manchester Juniors E"]

1. d4 d6 2. e3 Nf6 3. Nc3 g6 4. Bd3 Bg7 5. Qe2 O-O 6. Nf3 b6 7. O-O c5 8. dxc5
bxc5 9. Be4 Nxe4 10. Nxe4 Bb7 11. Nc3 Nd7 12. h3 Ne5 13. Nxe5 Bxe5 14. Bd2 Qb6
15. b3 d5 16. e4 d4 17. Nd5 Qd6 18. Bh6 Rfd8 19. c4 d3 20. Qxd3 Bxa1 21. Rxa1
Bxd5 22. cxd5 f6 23. Re1 g5 24. Qc3 Kf7 25. e5 Qxd5 26. exf6 exf6 27. Qe3 Re8
28. Qc1 Rxe1+ 29. Qxe1 Kg6 30. Bxg5 Qxg5 31. Qb1+ Kh6 32. Qe4 Rd8 33. Qe1 Rg8
34. g3 Qe5 35. Qd2+ Kg6 36. Qd3+ Qf5 37. Qc4 Qb1+ 38. Kg2 Qxa2 39. Qxg8+ Kh6
40. g4 a5 41. h4 Qd2 42. Qf8+ Kg6 43. h5+ Kg5 44. Qxc5+ Kh4 45. Qe7 Qd5+ 46.
Kf1 Qd1+ 47. Kg2 Qxg4+ 48. Kf1 Qd1+ 49. Kg2 Qd5+ 50. Kf1 Qd1+ 51. Kg2 Qd5+ 52.
Kf1 Qd1+ 1/2-1/2

[Event "Junior Online 4NCL Division 5"]
[Site "online"]
[Date "2021.02.04"]
[Round "2.252"]
[White "Govindu, Aashrith Reddy"]
[Black "Marks, Rory"]
[Result "0-1"]
[WhiteElo "989"]
[BlackElo "914"]
[PlyCount "64"]
[EventDate "2021.02.04"]
[WhiteTeam "Manchester Juniors F"]
[BlackTeam "Eden Primary Bishops"]

1. e4 e5 2. Nf3 Nc6 3. Nc3 Bc5 4. Bc4 Nf6 5. O-O O-O 6. d4 exd4 7. e5 Ne8 8.
Ne4 b6 9. Bd5 Bb7 10. c4 Na5 11. Bxb7 Nxb7 12. Neg5 h6 13. Nh3 Na5 14. Nfg5
hxg5 15. Nxg5 Nxc4 16. Qc2 g6 17. Qd3 Nxe5 18. Qh3 Kg7 19. Qh6+ Kxh6 20. Nxf7+
Kg7 21. Nxd8 Rxd8 22. Re1 Nd3 23. Re4 Nd6 24. Re7+ Rf7 25. Re5 Re8 26. Rxe8
Nxe8 27. Bg5 Rxf2 28. Kh1 Nxb2 29. Bh4 Rf4 30. Bg3 Rf5 31. Re1 Kh6 32. Rxe8
Rf1# 0-1

[Event "Junior Online 4NCL Division 5"]
[Site "online"]
[Date "2021.02.04"]
[Round "2.253"]
[White "Zabary, Yoav"]
[Black "Meredith, George"]
[Result "0-1"]
[WhiteElo "929"]
[BlackElo "949"]
[PlyCount "112"]
[EventDate "2021.02.04"]
[WhiteTeam "Eden Primary Bishops"]
[BlackTeam "Manchester Juniors F"]

1. e4 Nf6 2. Bc4 Nxe4 3. Qh5 g6 4. Qe5 Nf6 5. d4 Nc6 6. Qe2 Nxd4 7. Qe5 Nxc2+
8. Kd1 Nxa1 9. Bg5 d6 10. Qe2 Bg4 11. f3 Bf5 12. Bxf6 Bxb1 13. Bxh8 Bc2+ 14.
Kc1 Bh6+ 15. f4 Bxf4+ 16. Qd2 Bxd2+ 17. Kxd2 d5 18. Bb5+ c6 19. Bd3 Qa5+ 20.
Bc3 Bxd3 21. Bxa5 Bc2 22. Ne2 b6 23. Rxa1 bxa5 24. Kxc2 Rb8 25. Nd4 c5 26. Nc6
Rb5 27. Nxa7 Rb4 28. a3 Rc4+ 29. Kb1 d4 30. b3 Rc3 31. Nb5 Rxb3+ 32. Ka2 Rxb5
33. a4 Rb4 34. Ka3 e5 35. Re1 f6 36. g4 g5 37. h3 h6 38. Rg1 d3 39. Rd1 c4 40.
h4 gxh4 41. Rh1 Rb3+ 42. Ka2 d2 43. Ka1 Ra3+ 44. Kb2 Rd3 45. Kc2 e4 46. Kd1 c3
47. g5 fxg5 48. Rg1 Rd4 49. Rh1 Rxa4 50. Rg1 Ra1+ 51. Ke2 Rxg1 52. Kf2 d1=Q 53.
Ke3 Qd3+ 54. Kf2 Qf1+ 55. Ke3 c2 56. Kd2 c1=Q# 0-1

[Event "Junior Online 4NCL Division 5"]
[Site "online"]
[Date "2021.02.04"]
[Round "2.1"]
[White "Meredith, George"]
[Black "Zabary, Yoav"]
[Result "1/2-1/2"]
[WhiteElo "949"]
[BlackElo "929"]
[PlyCount "117"]
[EventDate "2021.02.04"]
[WhiteTeam "Manchester Juniors F"]
[BlackTeam "Eden Primary Bishops"]

1. e4 e5 2. Nf3 Bc5 3. Nc3 Nf6 4. h3 Nc6 5. Bc4 d6 6. Ng5 O-O 7. b3 h6 8. Nf3
Be6 9. Bb2 Bxc4 10. bxc4 a5 11. Na4 Ra6 12. Nxc5 dxc5 13. Nxe5 Nxe5 14. Bxe5
Rb6 15. Rb1 Rxb1 16. Qxb1 Re8 17. O-O Rxe5 18. c3 Rxe4 19. Re1 Rxe1+ 20. Qxe1
Nh5 21. Qe5 Qh4 22. Qxc5 b6 23. Qxc7 Nf4 24. Qc8+ Kh7 25. g3 Ne2+ 26. Kf1 Qe4
27. c5 bxc5 28. Qxc5 Nc1 29. Qxa5 Qe2+ 30. Kg2 f5 31. a4 g5 32. Qxf5+ Kg7 33.
Qd7+ Kg6 34. a5 h5 35. a6 Qxa6 36. g4 hxg4 37. hxg4 Ne2 38. Kf3 Nf4 39. Qe8+
Kf6 40. Qd8+ Kg6 41. d4 Ne6 42. Qd7 Nf8 43. Qd8 Ne6 44. Qe8+ Kf6 45. d5 Ng7 46.
Qd8+ Ke5 47. d6 Qxd6 48. Qxd6+ Kxd6 49. Ke4 Ne6 50. Kd3 Kc5 51. c4 Kb4 52. f3
Kc5 53. Kc3 Kb6 54. Kd3 Kc5 55. Kc3 Nf4 56. Kb3 Ne6 57. Kc3 Nf4 58. Kb3 Ne6 59.
Kc3 1/2-1/2

[Event "Junior Online 4NCL Division 5"]
[Site "online"]
[Date "2021.02.04"]
[Round "2.5"]
[White "Kota, Ashwath Kumar"]
[Black "Cream, Toby"]
[Result "1-0"]
[WhiteElo "973"]
[BlackElo "1250"]
[PlyCount "55"]
[EventDate "2021.02.04"]
[WhiteTeam "Maidenhead Juniors 6"]
[BlackTeam "King's Cross Kings"]

1. d4 e6 2. Bf4 Nc6 3. c3 Nf6 4. Nf3 d5 5. e3 Bd7 6. Bd3 Be7 7. Nbd2 O-O 8. Qc2
g6 9. Bh6 Re8 10. O-O-O a6 11. h4 b5 12. h5 Nxh5 13. g4 Nf6 14. Rdg1 Bc8 15.
Ne5 Nxe5 16. dxe5 Nd7 17. Nf3 Bb7 18. Bf4 d4 19. Be4 Bxe4 20. Qxe4 f6 21. Nxd4
Nc5 22. Qc6 Nd3+ 23. Kc2 Nxf2 24. Nxe6 Qd3+ 25. Kb3 Nxh1 26. Nxc7 Rac8 27. Qe6+
Kf8 28. Bh6# 1-0

[Event "Junior Online 4NCL Division 5"]
[Site "online"]
[Date "2021.02.04"]
[Round "2.6"]
[White "Cohen, Zac"]
[Black "Anchan, Arjun"]
[Result "0-1"]
[WhiteElo "950"]
[BlackElo "940"]
[PlyCount "68"]
[EventDate "2021.02.04"]
[WhiteTeam "King's Cross Kings"]
[BlackTeam "Maidenhead Juniors 6"]

1. e4 b6 2. Nc3 Bb7 3. Nf3 e6 4. Bc4 Bb4 5. a3 Bxc3 6. dxc3 Bxe4 7. Ng5 Bxg2 8.
Rg1 Bb7 9. Bf4 Ne7 10. Nh3 O-O 11. Be5 f6 12. Bd4 d5 13. Bd3 f5 14. Nf4 g6 15.
Nxe6 Qd7 16. Nxf8 Kxf8 17. Qe2 Nbc6 18. Bb5 Re8 19. c4 a6 20. Ba4 Nc8 21. Be3
Qd6 22. Qd3 dxc4 23. Qxc4 b5 24. Qc3 bxa4 25. Rd1 Qe7 26. Qc4 Ne5 27. Qxa4 Nf3+
28. Ke2 Nxg1+ 29. Ke1 Nf3+ 30. Ke2 Ne5 31. Bh6+ Kg8 32. c4 Nxc4+ 33. Kf1 Qe4
34. Rd4 Qe1# 0-1

[Event "Junior Online 4NCL Division 5"]
[Site "online"]
[Date "2021.02.04"]
[Round "2.8"]
[White "Lew, Elisha"]
[Black "Paw, Henry"]
[Result "0-1"]
[WhiteElo "1000"]
[BlackElo "873"]
[PlyCount "114"]
[EventDate "2021.02.04"]
[WhiteTeam "King's Cross Kings"]
[BlackTeam "Maidenhead Juniors 6"]

1. e4 e5 2. Bc4 Nf6 3. Nc3 Bc5 4. Nf3 d6 5. O-O Nc6 6. a3 Bg4 7. b4 Bd4 8. h3
Bxf3 9. Qxf3 Bxc3 10. dxc3 O-O 11. Qg3 Nxe4 12. Qg4 Nf6 13. Qg3 Ne4 14. Qg4
Nxc3 15. Bh6 Qf6 16. Bg5 Qg6 17. Bd3 f5 18. Qh4 h6 19. Bc1 e4 20. Bc4+ d5 21.
Bb5 Nxb5 22. a4 Nc3 23. Bb2 Ne2+ 24. Kh1 Nxb4 25. Rfe1 Nxc2 26. Rxe2 Nxa1 27.
Bxa1 Qg5 28. Qxg5 hxg5 29. g4 fxg4 30. hxg4 Kf7 31. a5 Rh8+ 32. Kg1 Rh4 33. Rb2
Rxg4+ 34. Kf1 Rb8 35. a6 b6 36. Ke2 Rg1 37. Ra2 g4 38. Be5 Rc8 39. Rc2 c5 40.
Ke3 g3 41. fxg3 Ke6 42. Bxg7 Rxg3+ 43. Kf4 Rxg7 44. Ke3 d4+ 45. Kf4 Rf8+ 46.
Kxe4 Rfg8 47. Kf4 Rg2 48. Rc1 Rf8+ 49. Ke4 Re2+ 50. Kd3 Ra2 51. Kc4 Rxa6 52.
Kb5 Ra5+ 53. Kc4 Rf3 54. Re1+ Kd6 55. Rb1 Ra4+ 56. Kb5 Ra5+ 57. Kc4 Rc3# 0-1

[Event "Junior Online 4NCL Division 5"]
[Site "online"]
[Date "2021.02.04"]
[Round "2.9"]
[White "Cream, Toby"]
[Black "Kota, Ashwath Kumar"]
[Result "0-1"]
[WhiteElo "1250"]
[BlackElo "973"]
[PlyCount "124"]
[EventDate "2021.02.04"]
[WhiteTeam "King's Cross Kings"]
[BlackTeam "Maidenhead Juniors 6"]

1. e4 e6 2. d4 d5 3. exd5 exd5 4. Qe2+ Be7 5. Nc3 Nf6 6. Nf3 Nc6 7. Bf4 Bg4 8.
Nb5 O-O 9. Bxc7 Qd7 10. Bf4 a6 11. Nc3 Nxd4 12. Qd3 Qe6+ 13. Be2 Nxe2 14. Nxe2
Rfe8 15. O-O Bc5 16. Ng3 Bxf3 17. Qxf3 Qg4 18. Qxg4 Nxg4 19. h3 Nxf2 20. Rxf2
Re6 21. Kf1 Bxf2 22. Kxf2 Rf6 23. Ne2 g5 24. Kg3 gxf4+ 25. Nxf4 Rc6 26. c3 Rd8
27. Rd1 Rcd6 28. b3 d4 29. c4 d3 30. Nd5 b5 31. Rxd3 bxc4 32. bxc4 Kg7 33. Kf4
Kg6 34. g4 Rf6+ 35. Kg3 Rfd6 36. a4 f5 37. a5 fxg4 38. hxg4 h5 39. Kh4 hxg4 40.
Kxg4 Kf7 41. Kf5 Rf6+ 42. Ke5 Rh6 43. Rf3+ Kg7 44. Rg3+ Rg6 45. Rxg6+ Kxg6 46.
Kd4 Kf5 47. c5 Ke6 48. c6 Rxd5+ 49. Kc4 Rxa5 50. c7 Kd7 51. Kb4 Rb5+ 52. Kc4
Kxc7 53. Kc3 a5 54. Kc4 Kc6 55. Kc3 a4 56. Kc2 a3 57. Kd3 a2 58. Ke4 a1=Q 59.
Kf4 Qa4+ 60. Ke3 Rb3+ 61. Kd2 Qa2+ 62. Ke1 Rb1# 0-1

[Event "Junior Online 4NCL Division 5"]
[Site "online"]
[Date "2021.02.04"]
[Round "2.10"]
[White "Anchan, Arjun"]
[Black "Cohen, Zac"]
[Result "1-0"]
[WhiteElo "940"]
[BlackElo "950"]
[PlyCount "61"]
[EventDate "2021.02.04"]
[WhiteTeam "Maidenhead Juniors 6"]
[BlackTeam "King's Cross Kings"]

1. e4 e5 2. Nf3 Nc6 3. Bc4 Nf6 4. Ng5 Qe7 5. Nxf7 Rg8 6. Nd6+ Qxd6 7. Bxg8 Nxg8
8. O-O Qd4 9. Nc3 Bd6 10. d3 Nb4 11. Be3 Qxe3 12. fxe3 Bc5 13. Qf3 Nf6 14. Qe2
d6 15. Nb5 Kd8 16. a3 Na6 17. Qf2 Ng4 18. Qf8+ Kd7 19. Rf7+ Kc6 20. Qe8+ Kb6
21. a4 Bxe3+ 22. Kf1 Nxh2+ 23. Ke2 Ng4 24. a5+ Kc5 25. c3 Nh6 26. b4+ Nxb4 27.
cxb4+ Kxb4 28. Rb1+ Kxa5 29. Nc3 Bg4+ 30. Kxe3 Nxf7 31. Qb5# 1-0

[Event "Junior Online 4NCL Division 5"]
[Site "online"]
[Date "2021.02.04"]
[Round "2.12"]
[White "Paw, Henry"]
[Black "Lew, Elisha"]
[Result "1-0"]
[WhiteElo "873"]
[BlackElo "1000"]
[PlyCount "113"]
[EventDate "2021.02.04"]
[WhiteTeam "Maidenhead Juniors 6"]
[BlackTeam "King's Cross Kings"]

1. e4 e5 2. Nf3 Nc6 3. Bc4 Nf6 4. d3 Bc5 5. Nc3 O-O 6. Bg5 a6 7. Bd5 Na7 8.
Nxe5 c6 9. Bxf7+ Rxf7 10. Nxf7 Kxf7 11. O-O b6 12. Qf3 d6 13. Na4 Bg4 14. Qxg4
Nxg4 15. Bxd8 Rxd8 16. Nxc5 dxc5 17. h3 Nf6 18. e5 Nd7 19. Rfe1 Ke6 20. f4 b5
21. Re2 c4 22. dxc4 bxc4 23. Rae1 Nb5 24. a4 Nd4 25. Rd2 Nf5 26. g4 Ne7 27. f5+
Kf7 28. e6+ Ke8 29. exd7+ Rxd7 30. Rxd7 Kxd7 31. c3 Nd5 32. Re4 Nf6 33. Rxc4
Nd5 34. a5 Ne3 35. Rd4+ Kc7 36. Re4 Nd5 37. c4 Nf6 38. Re7+ Kd6 39. Rxg7 h6 40.
Rg6 Ke7 41. Rxh6 Kf7 42. Rh8 Kg7 43. Ra8 Ne4 44. Rxa6 c5 45. Re6 Ng5 46. Rg6+
Kf7 47. Rxg5 Kf6 48. Rg8 Kf7 49. Rc8 Ke7 50. Rxc5 Kd6 51. Rb5 Kc6 52. a6 Kc7
53. a7 Kc6 54. a8=Q+ Kd6 55. Qa6+ Kd7 56. Rb7+ Kc8 57. Qa8# 1-0

[Event "Junior Online 4NCL Division 5"]
[Site "online"]
[Date "2021.02.04"]
[Round "2.15"]
[White "Patel, Thanuj"]
[Black "Penderis, Jasper"]
[Result "0-1"]
[WhiteElo "850"]
[BlackElo "900"]
[PlyCount "46"]
[EventDate "2021.02.04"]
[WhiteTeam "Maidenhead Juniors 7"]
[BlackTeam "The Hall 4"]

1. e4 e5 2. Nf3 Nc6 3. Nc3 Nf6 4. Bc4 Bc5 5. Ng5 O-O 6. a3 d6 7. Nb5 Ng4 8. Qe2
Nd4 9. d3 Nxe2 10. Kxe2 Nxf2 11. Bxf7+ Rxf7 12. Nxf7 Kxf7 13. Rf1 Bg4+ 14. Kd2
Kg8 15. Rg1 Qh4 16. h3 Bh5 17. g4 Bg6 18. Nxc7 Rf8 19. b4 Bd4 20. Ke2 Bxa1 21.
Ne6 Nxh3 22. Nxf8 Kxf8 23. Rd1 Qf2# 0-1

[Event "Junior Online 4NCL Division 5"]
[Site "online"]
[Date "2021.02.04"]
[Round "2.16"]
[White "Mason, Laith"]
[Black "Muthukumaran, Sriram"]
[Result "0-1"]
[WhiteElo "900"]
[BlackElo "787"]
[PlyCount "132"]
[EventDate "2021.02.04"]
[WhiteTeam "The Hall 4"]
[BlackTeam "Maidenhead Juniors 7"]

1. e4 c5 2. Nf3 d6 3. Nc3 Nc6 4. Bc4 Nf6 5. d3 h6 6. Bf4 Bg4 7. O-O Nd4 8. Re1
Nxf3+ 9. gxf3 Bh3 10. Bg3 e6 11. f4 Be7 12. e5 Nd7 13. Qh5 Bf5 14. exd6 Bxd6
15. Bh4 g6 16. Bxd8 gxh5 17. Bh4 Rg8+ 18. Bg3 Bxf4 19. Ne2 Bxg3 20. Nxg3 h4 21.
Re3 hxg3 22. Rxg3 Rxg3+ 23. hxg3 Ke7 24. Kh2 Rg8 25. Rg1 Ne5 26. Rg2 Nf3+ 27.
Kh1 Bh3 28. Rh2 Nxh2 29. Kxh2 Bf5 30. Bb3 Rg4 31. c4 Rd4 32. Bc2 Bxd3 33. Bd1
Bb1 34. Bf3 Rxc4 35. Bxb7 Bxa2 36. f4 Rc2+ 37. Kh3 Rxb2 38. Be4 Bd5 39. Bd3 c4
40. Bf1 Bg2+ 41. Bxg2 Rxg2 42. Kxg2 c3 43. Kf1 c2 44. Ke2 c1=Q 45. Kd3 Qg1 46.
Ke4 Qxg3 47. f5 exf5+ 48. Kxf5 Qg4+ 49. Kxg4 Ke6 50. Kh5 f6 51. Kxh6 a6 52. Kh5
a5 53. Kg4 a4 54. Kf3 a3 55. Ke3 a2 56. Kd2 a1=Q 57. Kc2 Qe5 58. Kd3 f5 59. Kd2
f4 60. Kd3 f3 61. Kd2 f2 62. Kd3 f1=Q+ 63. Kd2 Qff4+ 64. Kd3 Qee3+ 65. Kc2
Qff2+ 66. Kb1 Qee1# 0-1

[Event "Junior Online 4NCL Division 5"]
[Site "online"]
[Date "2021.02.04"]
[Round "2.18"]
[White "Lonberg, Christian"]
[Black "Tripathi, Anaya"]
[Result "0-1"]
[WhiteElo "900"]
[BlackElo "716"]
[PlyCount "88"]
[EventDate "2021.02.04"]
[WhiteTeam "The Hall 4"]
[BlackTeam "Maidenhead Juniors 7"]

1. e4 e5 2. Nf3 Nc6 3. Bc4 Bc5 4. d3 Nf6 5. O-O O-O 6. Nc3 d6 7. Bg5 h6 8. Bh4
Bd7 9. a3 a6 10. b4 Bd4 11. Nxd4 Nxd4 12. Ne2 Ne6 13. Bxe6 Bxe6 14. Ng3 Qd7 15.
Bxf6 gxf6 16. Re1 Kh8 17. c3 Rg8 18. d4 Rg7 19. d5 Bg4 20. f3 Rag8 21. fxg4
Rxg4 22. Nf5 Rxg2+ 23. Kf1 Qb5+ 24. c4 Qxc4+ 25. Re2 Rg1+ 26. Kf2 Rxd1 27. Rxd1
Qb3 28. Rg1 Rxg1 29. Kxg1 Qb1+ 30. Kf2 Qd3 31. Nxh6 Qxa3 32. Nxf7+ Kg8 33. Nd8
Qxb4 34. Re1 a5 35. Ra1 Qd4+ 36. Kg3 Qxa1 37. h4 a4 38. h5 a3 39. Kh4 a2 40. h6
Qh1+ 41. Kg4 a1=Q 42. Nxb7 Qaf1 43. Na5 Qhg1+ 44. Kh5 Qh3# 0-1

[Event "Junior Online 4NCL Division 5"]
[Site "online"]
[Date "2021.02.04"]
[Round "2.19"]
[White "Penderis, Jasper"]
[Black "Patel, Thanuj"]
[Result "1-0"]
[WhiteElo "900"]
[BlackElo "850"]
[PlyCount "45"]
[EventDate "2021.02.04"]
[WhiteTeam "The Hall 4"]
[BlackTeam "Maidenhead Juniors 7"]

1. e4 e5 2. Nf3 Nc6 3. Nc3 Nf6 4. Bc4 Bb4 5. a3 Bc5 6. d3 Ng4 7. O-O Nxf2 8.
Rxf2 Bxf2+ 9. Kxf2 d6 10. Ng5 Rf8 11. Nxh7 Rh8 12. Ng5 f6 13. Nf7 Bg4 14. Qxg4
Rf8 15. Nxd8 Kxd8 16. Qxg7 Ne7 17. Qxf8+ Kd7 18. Qxa8 Nc6 19. Qxb7 Kd8 20. Qxc6
Ke7 21. Qxc7+ Kf8 22. Bh6+ Ke8 23. Bf7# 1-0

[Event "Junior Online 4NCL Division 5"]
[Site "online"]
[Date "2021.02.04"]
[Round "2.20"]
[White "Muthukumaran, Sriram"]
[Black "Mason, Laith"]
[Result "0-1"]
[WhiteElo "787"]
[BlackElo "900"]
[PlyCount "30"]
[EventDate "2021.02.04"]
[WhiteTeam "Maidenhead Juniors 7"]
[BlackTeam "The Hall 4"]

1. e4 e5 2. Nf3 Nc6 3. Bc4 Nf6 4. Nc3 Bc5 5. d3 d6 6. Bg5 Bg4 7. Nd5 Nd4 8.
Nxf6+ gxf6 9. h3 Nxf3+ 10. gxf3 Bxf3 11. Bxf6 Qxf6 12. Qd2 Bxh1 13. Kf1 Rg8 14.
Ke1 Rg1+ 15. Ke2 Qxf2# 0-1

[Event "Junior Online 4NCL Division 5"]
[Site "online"]
[Date "2021.02.04"]
[Round "2.22"]
[White "Tripathi, Anaya"]
[Black "Lonberg, Christian"]
[Result "1-0"]
[WhiteElo "716"]
[BlackElo "900"]
[PlyCount "39"]
[EventDate "2021.02.04"]
[WhiteTeam "Maidenhead Juniors 7"]
[BlackTeam "The Hall 4"]

1. e4 e5 2. Nf3 Nc6 3. d4 d5 4. Nc3 exd4 5. Nxd4 Nxd4 6. Qxd4 Nf6 7. exd5 c6 8.
Bc4 Bg4 9. O-O Bb4 10. Re1+ Be7 11. b3 O-O 12. Bg5 Re8 13. Bxf6 Bxf6 14. Rxe8+
Qxe8 15. Qxg4 Qe7 16. Qh3 Re8 17. Ne2 Bxa1 18. Bd3 cxd5 19. Qxh7+ Kf8 20. Qh8#
1-0

[Event "Junior Online 4NCL Division 5"]
[Site "online"]
[Date "2021.02.04"]
[Round "2.25"]
[White "Rajdev, Vamika"]
[Black "Sundararaju, Ritvik"]
[Result "0-1"]
[WhiteElo "1150"]
[BlackElo "895"]
[PlyCount "98"]
[EventDate "2021.02.04"]
[WhiteTeam "Young Dragons C"]
[BlackTeam "Uxbridge Juniors Dynamos"]

1. d4 e6 2. c4 Bb4+ 3. Bd2 Bxd2+ 4. Nxd2 Qe7 5. d5 exd5 6. cxd5 Qb4 7. Ngf3
Qxb2 8. e4 Na6 9. Bxa6 bxa6 10. O-O Rb8 11. Ng5 f6 12. Ngf3 Rb4 13. Rb1 Qa3 14.
Rxb4 Qxb4 15. Qc1 Qb7 16. Qc5 d6 17. Rb1 dxc5 18. Rxb7 Bxb7 19. Nc4 Nh6 20. d6
cxd6 21. Nxd6+ Kd7 22. Nxb7 Rb8 23. Nxc5+ Kd6 24. Nb3 Rb4 25. Nfd4 Rc4 26. h3
Rc3 27. Kf1 Rd3 28. Ke2 Rc3 29. f4 Rc4 30. Kd3 Rc7 31. Nf5+ Nxf5 32. exf5 Rc6
33. Nd4 Rc5 34. g4 a5 35. h4 a4 36. h5 a3 37. g5 Rc1 38. g6 hxg6 39. hxg6 Ra1
40. Nb5+ Kc5 41. Nxa3 Rxa2 42. Nc4 a5 43. Ne3 a4 44. Ng4 Rb2 45. Ke4 a3 46. Kd3
a2 47. Kc3 a1=Q 48. Kd3 Qa3+ 49. Ke4 Rb4# 0-1

[Event "Junior Online 4NCL Division 5"]
[Site "online"]
[Date "2021.02.04"]
[Round "2.27"]
[White "Squirrell, Baxter"]
[Black "Zyakhor, Cornelius"]
[Result "0-1"]
[WhiteElo "880"]
[BlackElo "818"]
[PlyCount "76"]
[EventDate "2021.02.04"]
[WhiteTeam "Young Dragons C"]
[BlackTeam "Uxbridge Juniors Dynamos"]

1. e4 e5 2. Nf3 Nc6 3. Nc3 Nf6 4. Bc4 Bc5 5. d4 Bb4 6. O-O O-O 7. Ng5 exd4 8.
Nb5 a6 9. Nxd4 Nxd4 10. Qxd4 c5 11. Qd1 h6 12. Nxf7 Qe7 13. c3 Ba5 14. Be3 Qxe4
15. Qd3 Re8 16. Bxc5 Qxd3 17. Bxd3 Kxf7 18. Bd4 Ng4 19. Bc4+ Kf8 20. Bc5+ Re7
21. Bxe7+ Kxe7 22. Be2 Ne5 23. Rae1 d6 24. Bh5 g6 25. Bd1 Bf5 26. b4 Bb6 27. a4
Rc8 28. Re3 Bxe3 29. fxe3 Rxc3 30. b5 axb5 31. axb5 Rxe3 32. b6 Ng4 33. Ba4 Bd3
34. Rd1 Be2 35. Ra1 Kd8 36. Bc6 bxc6 37. b7 Rb3 38. Ra7 Rb1# 0-1

[Event "Junior Online 4NCL Division 5"]
[Site "online"]
[Date "2021.02.04"]
[Round "2.28"]
[White "Bhargava, Arnav"]
[Black "Caesar, Amelie"]
[Result "1-0"]
[WhiteElo "737"]
[BlackElo "653"]
[PlyCount "32"]
[EventDate "2021.02.04"]
[WhiteTeam "Uxbridge Juniors Dynamos"]
[BlackTeam "Young Dragons C"]

1. d4 d5 2. c4 dxc4 3. e3 Nc6 4. Bxc4 e5 5. Nc3 exd4 6. exd4 Nxd4 7. Nf3 Qe7+
8. Be3 Nxf3+ 9. Qxf3 Qb4 10. Qxf7+ Kd8 11. Bg5+ Be7 12. Bxe7+ Nxe7 13. Qxg7
Qxb2 14. Rd1+ Bd7 15. Qxh8+ Ng8 16. Qxg8+ Ke7 1-0

[Event "Junior Online 4NCL Division 5"]
[Site "online"]
[Date "2021.02.04"]
[Round "2.29"]
[White "Sundararaju, Ritvik"]
[Black "Rajdev, Vamika"]
[Result "1-0"]
[WhiteElo "895"]
[BlackElo "1150"]
[PlyCount "61"]
[EventDate "2021.02.04"]
[WhiteTeam "Uxbridge Juniors Dynamos"]
[BlackTeam "Young Dragons C"]

1. e4 c5 2. Bc4 e6 3. Qf3 Nf6 4. Nh3 Nc6 5. Ng5 Ne5 6. Qf4 Nxc4 7. e5 Be7 8.
Qxc4 h6 9. exf6 gxf6 10. Qc3 hxg5 11. O-O b6 12. Na3 Ba6 13. d3 Qc7 14. g3 Bb7
15. f3 Qc6 16. Rf2 d5 17. b4 cxb4 18. Qxc6+ Bxc6 19. Nb1 Bc5 20. Nd2 Bd4 21.
Rb1 Bxf2+ 22. Kxf2 Rxh2+ 23. Kg1 Rh3 24. Nf1 d4 25. Rxb4 e5 26. Kg2 Rh5 27. g4
Rh6 28. Rc4 Bd5 29. Rc7 Bxa2 30. Ng3 Bb1 31. Nf5 1-0

[Event "Junior Online 4NCL Division 5"]
[Site "online"]
[Date "2021.02.04"]
[Round "2.30"]
[White "Kong, Emma"]
[Black "Bhargava, Aarav"]
[Result "1-0"]
[WhiteElo "1000"]
[BlackElo "826"]
[PlyCount "43"]
[EventDate "2021.02.04"]
[WhiteTeam "Young Dragons C"]
[BlackTeam "Uxbridge Juniors Dynamos"]

1. e4 e5 2. Nf3 Nc6 3. Bc4 Nf6 4. d3 Bd6 5. Nc3 Qe7 6. Bg5 h6 7. Nd5 Qe6 8.
Nxc7+ Ke7 9. Bxe6 dxe6 10. Nxa8 Nb4 11. Bxf6+ Kxf6 12. c3 Na6 13. d4 exd4 14.
Qxd4+ Be5 15. Qxe5+ Ke7 16. Nc7 Nxc7 17. Qxc7+ Bd7 18. O-O-O Rc8 19. Qxd7+ Kf6
20. Qxc8 Ke7 21. Qd7+ Kf8 22. Qd8# 1-0

[Event "Junior Online 4NCL Division 5"]
[Site "online"]
[Date "2021.02.04"]
[Round "2.31"]
[White "Zyakhor, Cornelius"]
[Black "Squirrell, Baxter"]
[Result "0-1"]
[WhiteElo "818"]
[BlackElo "880"]
[PlyCount "22"]
[EventDate "2021.02.04"]
[WhiteTeam "Uxbridge Juniors Dynamos"]
[BlackTeam "Young Dragons C"]

1. e4 e5 2. Bc4 Nh6 3. d3 Nc6 4. Nf3 Bc5 5. Ng5 O-O 6. Bxf7+ Nxf7 7. Nxf7 Rxf7
8. Qg4 Bxf2+ 9. Kf1 Be3+ 10. Ke1 Bxc1 11. Qd1 Bxb2 0-1